000 00679cam a2200217 4500
001 L129166
008 050324n2001 000 0 eng u
020 _a0273653261
035 _a(Sirsi) u129166
041 _aeng
050 _a650
_c18
100 _aAlsbury, Alison
245 _aQuick answers to small business questions
260 _aHarlow
_bPearson
_c2001
300 _axxiv, 253p.
_c24cm.
350 _a17.99
490 _aPrentice Hall Quick Answers Series
520 _aProvides a series of questions and answers on a number of key areas, including, planning, finance, marketing, growth, and staff.
690 _aMANAGEMENT-BUSINESS MANAGEMENT
942 _n0
999 _c104116
_d104116